Statistics for Born in Yaoundé

Click here to take the quiz!

General Stats

  • This quiz has been taken 6 times
  • The average score is 4 of 15

Answer Stats

HintAnswer% Correct
Former footballer and one of the first African players to be an international star who played for several teams in France and the Cameroonian national team1952Roger Milla
67%
Center who plays for the Philadelphia 76ers1994Joel Embiid
50%
Footballer who plays for Napoli and the Cameroonian national team1995André-Frank Zambo Anguissa
33%
Former footballer who played for Manchester City and the Cameroonian national team, he died during an match for Cameroon aged 28 due to hypertrophic cardiomyopathy1975Marc-Vivien Foé
33%
Footballer who plays for Barcelona (currently on loan from Lecce) and the French national team1993Samuel Umtiti
33%
Captain of the Cameroonian national team (Porto and Besiktas)1992Vincent Aboubakar
33%
Footballer who plays for Borussia Dortmund and the German national team2004Youssoufa Moukoko
33%
Outside linebacker who plays for the Atlanta Falcons1999Arnold Ebiketie
17%
Footballer who plays for Monaco and the Swiss national team1997Breel Embolo
17%
Two-time Olympic gold medalist in the triple jump1976Francoise Mbango Etone
17%
Footballer who plays for Lens and the Cameroonian national team2000Jean Onana
17%
Former NBA player who was most notably active for the Milwaukee Bucks, Los Angeles Clippers and Houston Rockets1986Luc Mbah a Moute
17%
Former footballer who played for Mönchengladbach, Freiburg, Frankfurt and the Cameroonian national team1980Mohammadou Idrissou
17%
Footballer who plays for Aris and the Cameroonian national team (former player for Marseille, Torino and Monaco)1990Nicolas Nkoulou
17%
Former footballer who played for Sevilla, Marseille, Rennes and the Cameroonian national team1986Stephane Mbia
17%

Score Distribution

Percentile by Number Answered

Percent of People with Each Score

Your Score History

You have not taken this quiz